Exoneración para las iglesias /

Збережено в:
Бібліографічні деталі
Автор: Guido, Yamileth
Формат: Текст
Предмети:
Теги: Додати тег
Немає тегів, Будьте першим, хто поставить тег для цього запису!

MARC

LEADER 00000 a a2200000 04500
001 1568
003
040
100 |a Guido, Yamileth  
245 |a Exoneración para las iglesias /  |c Yamileth Guido 
650 |a EXENCIONES TRIBUTARIAS  
650 |a IGLESIA  
650 |a EDUCACION  
650 |a SALUD  
650 |a RELIGION  
650 |a COSTA RICA  
773 |g número 16; páginas 17-21  
999 |c 22470  |d 22470